书目信息 |
| 题名: |
给教师的建议
|
|
| 作者: | 苏霍姆林斯基 著 ;杜殿坤 编译 | |
| 分册: | 上 | |
| 出版信息: | 北京 教育科学出版社 1980 |
|
| 页数: | 282页 | |
| 开本: | 19cm | |
| 丛书名: | ||
| 单 册: | ||
| 中图分类: | G551.2 | |
| 科图分类: | ||
| 主题词: | 教学理论--苏联 , 教育事业--世界 | |
| 电子资源: | ||
| ISBN: | ||
| 000 | 00716nam0 2200253 45 | |
| 001 | 0180002668 | |
| 005 | 20060403161601.01 | |
| 010 | @dCNY0.67 | |
| 091 | @a7232.16 | |
| 100 | @a19950428f1980 em y0chiy0121 ea | |
| 101 | 1 | @achi@crus |
| 102 | @aCN@b110000 | |
| 105 | @ay z 000yy | |
| 200 | 10 | @a给教师的建议@Agei jiao shi de jian yi@h上@f(苏)В.А.苏霍姆林斯基著@g杜殿坤编译 |
| 210 | @a北京@c教育科学出版社@d1980 | |
| 215 | @a282页@d19cm | |
| 606 | @a教学理论@y苏联 | |
| 606 | 0 | @a教育事业@x世界 |
| 690 | @aG551.2@v4 | |
| 701 | 1 | @a苏霍姆林斯基@Asu huo mu lin si ji@4著 |
| 702 | 0 | @a杜殿坤@Adu dian kun@4编译 |
| 801 | 2 | @aCN@bNLC@c20060403 |
| 801 | 0 | @aCN@b上海图书馆@c20040425 |
| 905 | @dG551.2@e3:1 | |
| 给教师的建议.上/(苏)В.А.苏霍姆林斯基著/杜殿坤编译.-北京:教育科学出版社,1980 |
| 282页;19cm |
| ISBN :CNY0.67 |
| ● |
| 相关链接 |
|
|
|
|
正题名:给教师的建议
索取号:G551.2/3:1
 
预约/预借
| 序号 | 登录号 | 条形码 | 馆藏地/架位号 | 状态 | 备注 |
| 1 | 0040015 | 000464278 | 第四借阅区/ [索取号:G551.2/3:1] | 在馆 | |
| 2 | 0040017 | 202232431 | 密集书库/ [索取号:G551.2/3:1] | 在馆 | |
| 3 | 0040017 | 001622088 | 第四借阅区/ [索取号:G551.2/3:1] | 在馆 | |
| 4 | 0069470 | 001624362 | 第四借阅区/ [索取号:G551.2/3:1] | 在馆 |